000
00368nam a2200169Ia 4500
005
20250425160943.0
008
250425s9999 xx 000 0 und d
041
_a
eng
082
_a
333.7912
245
0
_a
DEMAND-SIDE MANAGEMENT
250
_a
S.E.
260
_a
Estados Unidos
_b
EPRI
_c
1984
260
_a
S.L.
300
_a
125
942
_c
01
010
_a
9205
999
_c
199578
_d
199578